000 00670nam a2200253Ia 4500
003 OSt
005 20220912150719.0
006 a|||||r|||| 00| 0
007 ta
008 220909b |||||||| |||| 00| 0 eng d
024 _a44719
037 _cTextual
040 _aCSL
_beng
_cCSL
041 _aeng
082 _aG:5:(B28), L4
100 _aPoole R W
245 0 _aIntroduction to quantitative ecology
260 _aTokyo
_bMcGraw Hill Kogakusha
_c1974
300 _axii.532p.
_ccm.
490 _aMcGraw-Hill series in population biology
650 _aEcology
942 _hG:5:(B28), L4
_cTEXL
_2CC
999 _c53092
_d53092